[Event "LSS No Engine Cup 77 Preliminary 5"]
[Site "LSS email"]
[Date "2012.11.21"]
[Round "?"]
[White "Alvarez Castillo, Hector Adrian"]
[Black "Goti, Javier"]
[Result "1-0"]
[WhiteElo "1850"]
[BlackElo "841"]
[PlyCount "49"]
[EventDate "2012.11.22"]
[EventType "tourn (corr)"]
[EventRounds "6"]
[EventCountry "GER"]
[SourceTitle "Telechess CBM 159"]
[Source "ChessBase"]
[SourceDate "2014.03.17"]
[SourceVersion "1"]
[SourceVersionDate "2014.03.17"]
[SourceQuality "1"]

1. e4 c5 2. Nc3 Nc6 3. g3 g6 4. Bg2 Bg7 5. d3 e6 6. Be3 Nf6 7. Bxc5 d6 8. Be3 0-0 9. h4 Ng4 10. Qxg4 e5 11. Qd1 f5 12. f4 Rb8 13. h5 Ne7 14. hxg6 b6 15. gxh7+ Kh8 16. Nf3 fxe4 17. dxe4 Bb7 18. Ng5 Bc8 19. Nd5 Nxd5 20. Qxd5 Qe7 21. 0-0-0 Bb7 22. Qxd6 Qxd6 23. Rxd6 exf4 24. Bxf4 Rbc8 25. Rd7 1-0

[Event "LSS No Engine Cup 77 Preliminary 5"]
[Site "LSS email"]
[Date "2012.11.21"]
[Round "?"]
[White "Alvarez Castillo, Hector Adrian"]
[Black "Nowak, Andrzej"]
[Result "0-1"]
[WhiteElo "1850"]
[BlackElo "1536"]
[PlyCount "48"]
[EventDate "2012.11.22"]
[EventType "tourn (corr)"]
[EventRounds "6"]
[EventCountry "GER"]
[SourceTitle "Telechess CBM 159"]
[Source "ChessBase"]
[SourceDate "2014.03.17"]
[SourceVersion "1"]
[SourceVersionDate "2014.03.17"]
[SourceQuality "1"]

1. e4 c5 2. Nc3 Nc6 3. g3 Nf6 4. Bg2 e6 5. d3 d5 6. exd5 exd5 7. Bg5 d4 8. Nd5 Be6 9. Nxf6+ gxf6 10. Bf4 Qa5+ 11. Qd2 Qb6 12. Rb1 Bxa2 13. Rc1 Qxb2 14. Nf3 0-0-0 15. 0-0 Nb4 16. Nh4 Bd5 17. Bh3+ Be6 18. Bg2 Bd6 19. Bxd6 Rxd6 20. Qf4 Rhd8 21. Qxf6 Nd5 22. Qe5 Rb6 23. Nf5 f6 24. Bxd5 fxe5 0-1

[Event "LSS No Engine Cup 64 Preliminary 1"]
[Site "LSS email"]
[Date "2012.04.21"]
[Round "?"]
[White "Alvarez Castillo, Hector Adrian"]
[Black "Lonyuk, Bohdan"]
[Result "1-0"]
[WhiteElo "1913"]
[BlackElo "1121"]
[PlyCount "67"]
[EventDate "2012.04.22"]
[EventType "tourn (corr)"]
[EventRounds "6"]
[EventCountry "GER"]
[SourceTitle "Telechess CBM 165"]
[Source "ChessBase"]
[SourceDate "2015.03.11"]
[SourceVersion "1"]
[SourceVersionDate "2015.03.11"]
[SourceQuality "1"]

1. e4 e5 2. Nf3 Nc6 3. Bc4 Bc5 4. c3 Nf6 5. d4 exd4 6. cxd4 Bb4+ 7. Bd2 Nxe4 8. Bxb4 Nxb4 9. Bxf7+ Kxf7 10. Qb3+ d5 11. Qxb4 Re8 12. 0-0 a5 13. Qb3 Kg8 14. Nc3 c6 15. Rfe1 Kh8 16. Nxe4 dxe4 17. Ne5 Be6 18. Qxb7 Qxd4 19. Nxc6 Qd5 20. Rad1 Qh5 21. a4 Bd5 22. Qb5 Bf7 23. Qxh5 Bxh5 24. Rd5 Bf7 25. Rxa5 Rxa5 26. Nxa5 Ra8 27. b4 Bd5 28. Rd1 Be6 29. Rd4 Bf5 30. b5 h6 31. Nc6 Re8 32. b6 Bc8 33. a5 Ba6 34. Rd8 1-0

[Event "BI-2012-P-00011"]
[Site "LSS email"]
[Date "2012.04.20"]
[Round "?"]
[White "Alvarez Castillo, Hector Adrian"]
[Black "Galvin, John H"]
[Result "1/2-1/2"]
[WhiteElo "1906"]
[BlackElo "1888"]
[PlyCount "55"]
[EventDate "2012.04.22"]
[EventType "tourn (corr)"]
[EventRounds "10"]
[EventCountry "GER"]
[SourceTitle "Telechess CBM 165"]
[Source "ChessBase"]
[SourceDate "2015.03.11"]
[SourceVersion "1"]
[SourceVersionDate "2015.03.11"]
[SourceQuality "1"]

1. c4 b6 2. Nc3 Bb7 3. e4 e6 4. d4 Bb4 5. Bd3 f5 6. f3 Nh6 7. h4 Qf6 8. e5 Qg6 9. Kf2 0-0 10. Nge2 d6 11. h5 Qf7 12. Bxh6 gxh6 13. exd6 Bxd6 14. Qd2 Qf6 15. Nb5 Nc6 16. Nxd6 cxd6 17. Bc2 Rac8 18. Rad1 Rf7 19. Nf4 e5 20. Nd5 Qg7 21. Rh3 f4 22. dxe5 dxe5 23. g3 Kh8 24. Be4 Nd4 25. gxf4 Rg8 26. fxe5 Ne6 27. Rhh1 Ng5 28. Ke3 1/2-1/2

[Event "BI-2012-P-00011"]
[Site "LSS email"]
[Date "2012.04.20"]
[Round "?"]
[White "Kelemen, Gyorgy"]
[Black "Alvarez Castillo, Hector Adrian"]
[Result "1/2-1/2"]
[WhiteElo "1875"]
[BlackElo "1906"]
[PlyCount "34"]
[EventDate "2012.04.22"]
[EventType "tourn (corr)"]
[EventRounds "10"]
[EventCountry "GER"]
[SourceTitle "Corr 2015"]
[Source "ChessBase"]
[SourceDate "2015.07.17"]
[SourceVersion "1"]
[SourceVersionDate "2015.07.17"]
[SourceQuality "1"]

1. e4 e5 2. Nf3 Nc6 3. Bb5 a6 4. Ba4 Nf6 5. 0-0 b5 6. Bb3 Be7 7. Re1 0-0 8. c3 d5 9. exd5 Nxd5 10. Nxe5 Nxe5 11. Rxe5 c6 12. d4 Bd6 13. Re1 Qh4 14. g3 Qh3 15. Be3 Bg4 16. Qd3 Rfe8 17. Nd2 Bf5 1/2-1/2

[Event "BI-2012-P-00011"]
[Site "LSS email"]
[Date "2012.04.20"]
[Round "?"]
[White "Pedersen, Svend Erik"]
[Black "Alvarez Castillo, Hector Adrian"]
[Result "1/2-1/2"]
[WhiteElo "1388"]
[BlackElo "1906"]
[PlyCount "94"]
[EventDate "2012.04.22"]
[EventType "tourn (corr)"]
[EventRounds "10"]
[EventCountry "GER"]
[SourceTitle "Telechess CBM 165"]
[Source "ChessBase"]
[SourceDate "2015.03.11"]
[SourceVersion "1"]
[SourceVersionDate "2015.03.11"]
[SourceQuality "1"]

1. e4 Nf6 2. e5 Nd5 3. d4 d6 4. Nf3 g6 5. Bc4 Nb6 6. Bb3 Bg7 7. 0-0 0-0 8. h3 Nc6 9. Qe2 a5 10. a4 dxe5 11. dxe5 Nd4 12. Nxd4 Qxd4 13. Re1 Bf5 14. Nd2 Qd7 15. Nf3 Be6 16. Rd1 Qc8 17. Nd4 Bxb3 18. Nxb3 Qe6 19. Bf4 Rfd8 20. Rxd8+ Rxd8 21. Nxa5 Ra8 22. Qb5 Nd5 23. Qxb7 Re8 24. Bg3 c5 25. Nc6 Rc8 26. Na7 Rc7 27. Qa8+ Bf8 28. Nb5 Rc8 29. Qa5 h5 30. Qd2 h4 31. Bh2 Nb4 32. Rd1 Nc6 33. f4 Qa2 34. b3 Rd8 35. Qc1 Rxd1+ 36. Qxd1 Nb4 37. Kh1 Nxc2 38. Bg1 Qxb3 39. Bxc5 Qc4 40. Bf2 Nb4 41. Qd4 Qf1+ 42. Kh2 Nd3 43. Bxh4 Nxf4 44. Qf2 Qc4 45. Qd4 Qf1 46. Qf2 Qc4 47. Qd4 Qf1 1/2-1/2

[Event "RB-2012-0-00175"]
[Site "LSS email"]
[Date "2012.04.20"]
[Round "?"]
[White "Santos, Sebastiao"]
[Black "Alvarez Castillo, Hector Adrian"]
[Result "1-0"]
[WhiteElo "1793"]
[BlackElo "1899"]
[PlyCount "83"]
[EventDate "2012.03.09"]
[EventType "tourn (corr)"]
[EventRounds "6"]
[EventCountry "GER"]
[SourceTitle "Telechess CBM 155"]
[Source "ChessBase"]
[SourceDate "2013.07.16"]
[SourceVersion "1"]
[SourceVersionDate "2013.07.16"]
[SourceQuality "1"]

1. d4 d5 2. c4 c6 3. Nf3 Nf6 4. e3 Bf5 5. Nc3 e6 6. Nh4 Bg6 7. Nxg6 hxg6 8. Bd2 Bd6 9. c5 Bc7 10. h3 Nbd7 11. Bd3 e5 12. 0-0 e4 13. Be2 Bb8 14. f3 exf3 15. Rxf3 Qc7 16. Bd3 g5 17. Kf2 g4 18. hxg4 Nxg4+ 19. Ke2 Ndf6 20. Qg1 b6 21. Rh3 Rh5 22. e4 Qe7 23. e5 bxc5 24. Kd1 Nxe5 25. dxe5 Bxe5 26. Rxh5 Nxh5 27. Kc2 c4 28. Be2 Ng3 29. Bf3 f5 30. Re1 Rb8 31. Qf2 g6 32. Qe3 Ne4 33. Nxe4 Rxb2+ 34. Kc1 fxe4 35. Bxe4 dxe4 36. Qxe4 Rb5 37. Qxc6+ Qd7 38. Qxg6+ Kd8 39. Qg5+ Qe7 40. Qxe7+ Kxe7 41. Bc3 Kd6 42. Rxe5 1-0

[Event "SB-2012-0-00223"]
[Site "LSS email"]
[Date "2012.04.12"]
[Round "?"]
[White "Alvarez Castillo, Hector Adrian"]
[Black "Vodicka, Milan"]
[Result "1/2-1/2"]
[WhiteElo "1762"]
[BlackElo "1935"]
[PlyCount "47"]
[EventDate "2012.03.23"]
[EventType "tourn (corr)"]
[EventRounds "6"]
[EventCountry "GER"]
[SourceTitle "Telechess CBM 161"]
[Source "ChessBase"]
[SourceDate "2014.07.16"]
[SourceVersion "1"]
[SourceVersionDate "2014.07.16"]
[SourceQuality "1"]

1. c4 Nf6 2. Nc3 g6 3. g3 Bg7 4. Bg2 0-0 5. e4 d6 6. Nge2 c5 7. d4 cxd4 8. Nxd4 Nfd7 9. 0-0 Nc6 10. Nde2 a6 11. Bg5 b5 12. cxb5 axb5 13. Nxb5 Ra5 14. a4 Bxb2 15. Rb1 Bg7 16. Qc2 Nc5 17. Rfd1 Qe8 18. Nec3 Bg4 19. f3 Be6 20. Be3 Bxc3 21. Bxc5 dxc5 22. Qxc3 Rxa4 23. Nc7 Qc8 24. Nxe6 1/2-1/2

[Event "SB-2012-0-00223"]
[Site "LSS email"]
[Date "2012.04.12"]
[Round "?"]
[White "Zhdanenia, Konstantin A"]
[Black "Alvarez Castillo, Hector Adrian"]
[Result "1/2-1/2"]
[WhiteElo "1657"]
[BlackElo "1762"]
[PlyCount "33"]
[EventDate "2012.03.23"]
[EventType "tourn (corr)"]
[EventRounds "6"]
[EventCountry "GER"]
[SourceTitle "Corr 2015"]
[Source "ChessBase"]
[SourceDate "2015.07.17"]
[SourceVersion "1"]
[SourceVersionDate "2015.07.17"]
[SourceQuality "1"]

1. d4 d5 2. Bg5 h6 3. Bh4 g5 4. Bg3 Bg7 5. e3 c5 6. c3 Nf6 7. Nf3 Ne4 8. Be5 0-0 9. Nbd2 Nc6 10. Bxg7 Kxg7 11. h4 g4 12. Nxe4 dxe4 13. Nd2 cxd4 14. exd4 f5 15. Bb5 Qc7 16. 0-0 Be6 17. Bc4 1/2-1/2

[Event "SB-2012-0-00215"]
[Site "LSS email"]
[Date "2012.03.05"]
[Round "?"]
[White "Wajnberg, Piotr"]
[Black "Alvarez Castillo, Hector Adrian"]
[Result "1-0"]
[WhiteElo "2079"]
[BlackElo "1913"]
[PlyCount "52"]
[EventDate "2012.02.11"]
[EventType "tourn (corr)"]
[EventRounds "6"]
[EventCountry "GER"]
[SourceTitle "Telechess CBM 165"]
[Source "ChessBase"]
[SourceDate "2015.03.11"]
[SourceVersion "1"]
[SourceVersionDate "2015.03.11"]
[SourceQuality "1"]

1. e4 Nf6 2. e5 Nd5 3. d4 d6 4. Nf3 Bg4 5. Be2 e6 6. 0-0 Be7 7. c4 Nb6 8. Nc3 0-0 9. h3 Bh5 10. Be3 a6 11. Qb3 N8d7 12. Rfd1 dxe5 13. Nxe5 Bxe2 14. Nxe2 Qc8 15. Nd3 Nf6 16. Rac1 a5 17. Ne5 a4 18. Qd3 Rd8 19. Bf4 Nbd7 20. Nc3 Nxe5 21. Bxe5 c6 22. d5 exd5 23. cxd5 Ra5 24. Qg3 h6 25. Bc7 Raxd5 26. Bxd8 Qxd8 1-0

[Event "OP-2011-0-01647"]
[Site "LSS email"]
[Date "2011.07.08"]
[Round "?"]
[White "Alvarez Castillo, Hector Adrian"]
[Black "Tittarelli, Adriano"]
[Result "1-0"]
[WhiteElo "1991"]
[BlackElo "1180"]
[PlyCount "65"]
[EventDate "2011.07.04"]
[EventType "tourn (corr)"]
[EventRounds "4"]
[EventCountry "GER"]
[SourceTitle "Telechess CBM 151"]
[Source "ChessBase"]
[SourceDate "2012.11.13"]
[SourceVersion "1"]
[SourceVersionDate "2012.11.13"]
[SourceQuality "1"]

1. e4 g6 2. d4 Bg7 3. f4 e6 4. Nf3 d6 5. Bd3 Nd7 6. 0-0 Ne7 7. c4 c6 8. Nc3 0-0 9. Kh1 f5 10. e5 d5 11. b3 dxc4 12. bxc4 a6 13. Qb3 Qb6 14. Qxb6 Nxb6 15. Rb1 Nd7 16. Ba3 Re8 17. Ng5 Nf8 18. Bd6 b5 19. Rfc1 Bd7 20. a4 bxc4 21. Bxc4 Nd5 22. g3 h6 23. Nh3 Rec8 24. a5 Be8 25. Na4 g5 26. Nb6 Nxb6 27. axb6 g4 28. Nf2 c5 29. d5 Kh7 30. b7 exd5 31. bxa8Q Rxa8 32. Bxd5 Rc8 33. Rxc5 1-0

[Event "OP-2011-0-01647"]
[Site "LSS email"]
[Date "2011.07.07"]
[Round "?"]
[White "Raines, David T"]
[Black "Alvarez Castillo, Hector Adrian"]
[Result "0-1"]
[WhiteElo "1144"]
[BlackElo "1991"]
[PlyCount "70"]
[EventDate "2011.07.04"]
[EventType "tourn (corr)"]
[EventRounds "4"]
[EventCountry "GER"]
[SourceTitle "Telechess CBM 151"]
[Source "ChessBase"]
[SourceDate "2012.11.13"]
[SourceVersion "1"]
[SourceVersionDate "2012.11.13"]
[SourceQuality "1"]

1. Nf3 c5 2. c4 Nc6 3. g3 g6 4. Bg2 Bg7 5. 0-0 e6 6. Nc3 Nge7 7. d3 0-0 8. e4 Nd4 9. Bf4 d6 10. Qd2 Nec6 11. Bh6 Rb8 12. Bxg7 Kxg7 13. Rfe1 Qa5 14. Rad1 a6 15. e5 Nxf3+ 16. Bxf3 Nxe5 17. Bg2 Nc6 18. a3 Nd4 19. Ne2 Qxd2 20. Rxd2 Nxe2+ 21. Rdxe2 b5 22. Rc1 Bb7 23. Rec2 Bxg2 24. Kxg2 Kf6 25. f4 Rb7 26. b4 cxb4 27. axb4 bxc4 28. Rxc4 d5 29. Rc6 Ra8 30. Rb1 Rb5 31. Rc3 a5 32. Ra3 Rab8 33. Kf3 Rxb4 34. Rxb4 axb4 35. Rb3 Ke7 0-1

[Event "LSS No Engine Cup 45 Preliminary 2"]
[Site "LSS email"]
[Date "2011.06.29"]
[Round "?"]
[White "Alvarez Castillo, Hector Adrian"]
[Black "Arango Marin, Sixto Gregorio"]
[Result "1-0"]
[WhiteElo "1992"]
[BlackElo "819"]
[PlyCount "73"]
[EventDate "2011.06.30"]
[EventType "tourn (corr)"]
[EventRounds "6"]
[EventCountry "GER"]
[SourceTitle "Telechess CBM 149"]
[Source "ChessBase"]
[SourceDate "2012.07.17"]
[SourceVersion "1"]
[SourceVersionDate "2012.07.17"]
[SourceQuality "1"]

1. e4 e5 2. Nf3 Nc6 3. Bb5 d6 4. d4 Bd7 5. d5 Nce7 6. Bxd7+ Qxd7 7. c4 h6 8. Nc3 a6 9. 0-0 Ng6 10. Be3 Be7 11. Qb3 c6 12. Na4 Bd8 13. dxc6 Qxc6 14. c5 Nf6 15. cxd6 Nxe4 16. Rac1 Qb5 17. Rfd1 Qxb3 18. d7+ Ke7 19. axb3 b5 20. Rc8 Ba5 21. d8Q+ Rxd8 22. Rdxd8 Bxd8 23. Rxa8 bxa4 24. bxa4 a5 25. Nd2 Nxd2 26. Bxd2 f6 27. Ra7+ Kf8 28. Bxa5 Bxa5 29. Rxa5 Nf4 30. Ra7 e4 31. a5 Nd5 32. a6 g5 33. Rd7 Nb6 34. Rb7 Nc4 35. a7 Nd6 36. a8Q+ Ne8 37. Rb8 1-0

[Event "OP-2011-0-01596"]
[Site "LSS email"]
[Date "2011.06.17"]
[Round "?"]
[White "Basson, Heinrich"]
[Black "Alvarez Castillo, Hector Adrian"]
[Result "0-1"]
[WhiteElo "1335"]
[BlackElo "1870"]
[PlyCount "21"]
[EventDate "2011.06.14"]
[EventType "tourn (corr)"]
[EventRounds "4"]
[EventCountry "GER"]
[SourceTitle "Corr 2015"]
[Source "ChessBase"]
[SourceDate "2015.07.17"]
[SourceVersion "1"]
[SourceVersionDate "2015.07.17"]
[SourceQuality "1"]

1. d4 c5 2. c3 e6 3. Nf3 d5 4. Bf4 Nc6 5. e3 Nf6 6. Be2 Bd6 7. Bg5 h6 8. Bh4 0-0 9. 0-0 b6 10. Nbd2 Bb7 11. a3 0-1

[Event "OP-2011-0-01562"]
[Site "LSS email"]
[Date "2011.05.30"]
[Round "?"]
[White "Alvarez Castillo, Hector Adrian"]
[Black "Lauer, Fredric"]
[Result "1-0"]
[WhiteElo "1991"]
[BlackElo "1038"]
[PlyCount "35"]
[EventDate "2011.05.27"]
[EventType "tourn (corr)"]
[EventRounds "4"]
[EventCountry "GER"]
[SourceTitle "Telechess CBM 151"]
[Source "ChessBase"]
[SourceDate "2012.11.13"]
[SourceVersion "1"]
[SourceVersionDate "2012.11.13"]
[SourceQuality "1"]

1. e4 c5 2. Nc3 g6 3. g3 Bg7 4. Bg2 Nc6 5. d3 Nd4 6. Be3 d6 7. Qd2 Bd7 8. Nd1 Qc7 9. c3 Nc6 10. Ne2 Nf6 11. h3 0-0-0 12. d4 cxd4 13. cxd4 e6 14. d5 exd5 15. exd5 Ne5 16. Rc1 Nc4 17. Qc3 Nxd5 18. Qxg7 1-0

[Event "OP-2011-0-01492"]
[Site "LSS email"]
[Date "2011.04.18"]
[Round "?"]
[White "Enguidanos Gimeno, Salvador"]
[Black "Alvarez Castillo, Hector Adrian"]
[Result "1/2-1/2"]
[WhiteElo "1527"]
[BlackElo "1982"]
[PlyCount "52"]
[EventDate "2011.04.14"]
[EventType "tourn (corr)"]
[EventRounds "4"]
[EventCountry "GER"]
[SourceTitle "Corr 2013"]
[Source "ChessBase"]
[SourceDate "2012.11.12"]
[SourceVersion "1"]
[SourceVersionDate "2012.11.12"]
[SourceQuality "1"]

1. Nf3 c5 2. c4 Nc6 3. Nc3 g6 4. g3 Bg7 5. Bg2 Nf6 6. 0-0 0-0 7. d3 d5 8. cxd5 Nxd5 9. Bd2 Nc7 10. a3 Bg4 11. h3 Bd7 12. Rb1 Qc8 13. Kh2 Ne6 14. Nd5 Nc7 15. Nxc7 Qxc7 16. Bc3 Rac8 17. Bxg7 Kxg7 18. Rc1 Qb6 19. Qd2 Nd4 20. e3 Nb3 21. Qc3+ f6 22. Rc2 e5 23. Nd2 Nxd2 24. Qxd2 Bc6 25. Bxc6 Rxc6 26. Rfc1 Rd8 1/2-1/2

[Event "BI-2011-P-00029"]
[Site "LSS email"]
[Date "2011.04.17"]
[Round "?"]
[White "Alvarez Castillo, Hector Adrian"]
[Black "Markus, Roland"]
[Result "1/2-1/2"]
[WhiteElo "1970"]
[BlackElo "2193"]
[PlyCount "48"]
[EventDate "2011.04.20"]
[EventType "tourn (corr)"]
[EventRounds "10"]
[EventCountry "GER"]
[SourceTitle "Telechess CBM 155"]
[Source "ChessBase"]
[SourceDate "2013.07.16"]
[SourceVersion "1"]
[SourceVersionDate "2013.07.16"]
[SourceQuality "1"]

1. e4 c6 2. d4 d5 3. Nd2 dxe4 4. Nxe4 Bf5 5. Ng3 Bg6 6. Nf3 Nd7 7. Bd3 Ngf6 8. 0-0 e6 9. Re1 Be7 10. c4 Bxd3 11. Qxd3 Qc7 12. a3 Rd8 13. Bd2 0-0 14. Bc3 h6 15. Rad1 Rfe8 16. Qe2 a6 17. a4 c5 18. b3 cxd4 19. Nxd4 Bd6 20. Nf3 Qb6 21. Qc2 Bb4 22. Bd4 Bc5 23. Bc3 Bb4 24. Bd4 Bc5 1/2-1/2

[Event "BI-2011-P-00029"]
[Site "LSS email"]
[Date "2011.04.17"]
[Round "?"]
[White "Alvarez Castillo, Hector Adrian"]
[Black "Vontina, Maria"]
[Result "1-0"]
[WhiteElo "1970"]
[BlackElo "781"]
[PlyCount "57"]
[EventDate "2011.04.20"]
[EventType "tourn (corr)"]
[EventRounds "10"]
[EventCountry "GER"]
[SourceTitle "Telechess CBM 157"]
[Source "ChessBase"]
[SourceDate "2013.11.12"]
[SourceVersion "1"]
[SourceVersionDate "2013.11.12"]
[SourceQuality "1"]

1. e4 e6 2. d4 d5 3. Nd2 c5 4. Ngf3 cxd4 5. Nxd4 Nf6 6. e5 Nfd7 7. N2f3 Be7 8. Bd3 Nb6 9. 0-0 0-0 10. c3 N8d7 11. Qc2 h6 12. Bf4 Re8 13. a4 Nf8 14. a5 Nbd7 15. b4 Nb8 16. Nb3 Bd7 17. Rfe1 Nc6 18. a6 bxa6 19. Rxa6 Qc7 20. b5 Nb8 21. Ra4 Qb7 22. Na5 Qc7 23. Bxh6 gxh6 24. Rg4+ Kh8 25. Qd2 Ng6 26. Qxh6+ Kg8 27. Rxg6+ fxg6 28. Qxg6+ Kh8 29. Qh7# 1-0

[Event "OP-2011-0-01489"]
[Site "LSS email"]
[Date "2011.04.16"]
[Round "?"]
[White "Alvarez Castillo, Hector Adrian"]
[Black "Razumov, Aleksandr Nikolaevi"]
[Result "1-0"]
[WhiteElo "1991"]
[BlackElo "1501"]
[PlyCount "155"]
[EventDate "2011.04.11"]
[EventType "tourn (corr)"]
[EventRounds "4"]
[EventCountry "GER"]
[SourceTitle "Telechess CBM 151"]
[Source "ChessBase"]
[SourceDate "2012.11.13"]
[SourceVersion "1"]
[SourceVersionDate "2012.11.13"]
[SourceQuality "1"]

1. e4 c6 2. d4 d5 3. Nd2 dxe4 4. Nxe4 Bf5 5. Ng3 Bg6 6. Nf3 Nd7 7. Bd3 e6 8. 0-0 Ngf6 9. Bxg6 hxg6 10. Bg5 Qb6 11. a4 c5 12. a5 Qb4 13. b3 cxd4 14. Ra4 Qb5 15. Qxd4 Be7 16. Rd1 0-0 17. Qc4 Qxc4 18. Rxc4 Rac8 19. Rxd7 Nxd7 20. Bxe7 Rxc4 21. bxc4 Rc8 22. Nd2 Ne5 23. Bb4 Nxc4 24. Nxc4 Rxc4 25. c3 e5 26. Nf1 f6 27. Nd2 Rc7 28. Kf1 Kf7 29. Ke2 g5 30. h3 Ke6 31. c4 f5 32. Kd3 Rc8 33. Nb3 Rd8+ 34. Kc2 b6 35. a6 Rc8 36. Kd3 Rd8+ 37. Kc3 g6 38. Ba3 Rd7 39. f3 Rd8 40. Bc1 f4 41. Ba3 Rc8 42. Nd2 b5 43. c5 Rc6 44. Kb4 Rxa6 45. Nb1 Rc6 46. Kxb5 Rc8 47. Nc3 Kd7 48. Ne4 Rb8+ 49. Kc4 Rb1 50. Kd5 Rd1+ 51. Kxe5 a5 52. Nxg5 Ra1 53. Bb2 Rb1 54. Bc3 a4 55. Kxf4 Kc6 56. Ne4 a3 57. h4 a2 58. Be5 Rg1 59. g3 Rh1 60. Bg7 Rb1 61. g4 Rb7 62. Bc3 Rb1 63. h5 gxh5 64. gxh5 Rh1 65. Kg5 Rg1+ 66. Kf5 Rf1 67. Ng5 Rc1 68. Bg7 Rxc5+ 69. Kg4 Rd5 70. h6 Rd7 71. f4 Rxg7 72. hxg7 a1Q 73. g8Q Qg1+ 74. Kf5 Qb1+ 75. Kf6 Qd3 76. Qa8+ Kc5 77. Ne6+ Kb4 78. Qa4+ 1-0

[Event "ARG-chT8 fin email"]
[Site "LADAC email"]
[Date "2006.01.01"]
[Round "?"]
[White "Alvarez Castillo, Hector Adrian"]
[Black "Domancich, Ezequiel Martin"]
[Result "0-1"]
[WhiteElo "2186"]
[BlackElo "2517"]
[PlyCount "77"]
[EventDate "2006.01.01"]
[EventType "tourn (corr)"]
[EventRounds "11"]
[EventCountry "ARG"]
[SourceTitle "Corr 2011"]
[Source "ChessBase"]
[SourceDate "2010.08.31"]
[SourceVersion "1"]
[SourceVersionDate "2010.08.31"]
[SourceQuality "1"]

1. e4 e5 2. Nf3 Nc6 3. Bb5 a6 4. Ba4 Nf6 5. 0-0 Be7 6. Re1 b5 7. Bb3 0-0 8. c3 d5 9. exd5 Nxd5 10. Nxe5 Nxe5 11. Rxe5 c6 12. d3 Bd6 13. Re1 Qh4 14. g3 Qh3 15. Re4 Qd7 16. Nd2 Bb7 17. Re1 c5 18. Ne4 Be7 19. Bg5 f6 20. Bd2 Kh8 21. a4 f5 22. Ng5 Bxg5 23. Bxg5 f4 24. Re5 Rae8 25. Rxe8 Rxe8 26. axb5 axb5 27. Bh4 Ne7 28. d4 c4 29. Bc2 Nf5 30. d5 Nxh4 31. gxh4 Bxd5 32. Qh5 g6 33. Qg5 Qd6 34. Qg4 Bc6 35. Rf1 Kg7 36. Qd1 Qe5 37. f3 Kh6 38. Qd2 Qc5+ 39. Kg2 0-1